[Event "European Youth Chess Championship B16"]
[Site "Prague, Top Hotel Prague"]
[Date "2012.08.24"]
[Round "8.19"]
[White "Yanchenko, Roman"]
[Black "Khamidov, Komil"]
[Result "1-0"]
[WhiteElo "2230"]
[BlackElo "2090"]
[PlyCount "109"]
[EventDate "2012.08.17"]

1. d4 d5 2. c4 c6 3. cxd5 cxd5 4. Nc3 Nf6 5. Nf3 Nc6 6. Bf4 e6 7. e3 Nh5 8. Bg3
Nxg3 9. hxg3 g6 10. Rc1 Bg7 11. a3 O-O 12. b4 e5 13. dxe5 Nxe5 14. Nxe5 Bxe5
15. Nxd5 a5 16. Bc4 Be6 17. f4 Bb2 18. Rb1 Bxa3 19. Qd4 Bxd5 20. Bxd5 Bxb4+ 21.
Kf2 Bc3 22. Qxc3 Qxd5 23. Rxh7 Kxh7 24. Rh1+ Qh5 25. Rxh5+ gxh5 26. Qf6 a4 27.
Qf5+ Kg8 28. Qg5+ Kh7 29. Qxh5+ Kg8 30. f5 f6 31. Qg6+ Kh8 32. g4 Ra6 33. g5
fxg5 34. Qh5+ Kg8 35. Qxg5+ Kh8 36. Qh4+ Kg8 37. Qg4+ Kh8 38. Qd4+ Kg8 39. Qd5+
Kh8 40. g4 a3 41. Qxb7 Raa8 42. Kg3 Rfb8 43. Qf7 Rf8 44. Qh5+ Kg8 45. Qg6+ Kh8
46. Qh6+ Kg8 47. Qe6+ Kh8 48. Qe7 a2 49. f6 Rg8 50. Qe5 Rg5 51. Qxg5 Ra7 52.
Qh5+ Kg8 53. Qe8+ Kh7 54. f7 a1=Q 55. Qg8+ 1-0

[Event "European Youth Chess Championship B16"]
[Site "Prague, Top Hotel Prague"]
[Date "2012.08.24"]
[Round "8.20"]
[White "Stathopoulos, Ioannis"]
[Black "Popov, Kirill"]
[Result "1-0"]
[WhiteElo "2216"]
[BlackElo "2037"]
[PlyCount "79"]
[EventDate "2012.08.17"]

1. d4 Nf6 2. c4 e6 3. Nc3 Bb4 4. e3 c5 5. Bd3 Nc6 6. Nf3 d6 7. O-O Bxc3 8. bxc3
e5 9. Nd2 b6 10. f4 O-O 11. Ne4 exf4 12. Nxf6+ Qxf6 13. Rxf4 Qe7 14. Qf3 Bd7
15. Bd2 f5 16. Bxf5 Rxf5 17. Rxf5 Bxf5 18. Qxf5 Qf7 19. Qe4 Rf8 20. Qd5 Ne7 21.
Qxf7+ Rxf7 22. Be1 Nc6 23. Bg3 Rf6 24. Rf1 Na5 25. Rxf6 gxf6 26. Bxd6 cxd4 27.
cxd4 Nxc4 28. Bf4 Nb2 29. e4 b5 30. Kf1 a5 31. Ke2 Kf7 32. Kd2 f5 33. exf5 Kf6
34. g4 h5 35. Be5+ Kg5 36. f6 Nc4+ 37. Ke2 Nb6 38. f7 Nd7 39. gxh5 Kxh5 40. Bd6
1-0

[Event "European Youth Chess Championship B16"]
[Site "Prague, Top Hotel Prague"]
[Date "2012.08.24"]
[Round "8.21"]
[White "Vanagas, Tadas"]
[Black "Radovanovic, Nikola"]
[Result "1-0"]
[WhiteElo "2067"]
[BlackElo "2184"]
[PlyCount "61"]
[EventDate "2012.08.17"]

1. d4 Nf6 2. c4 g6 3. Nc3 d5 4. Nf3 Bg7 5. Qb3 dxc4 6. Qxc4 Nbd7 7. e4 Nb6 8.
Qb3 c6 9. h3 O-O 10. Qc2 Nfd7 11. Bg5 Qe8 12. Rd1 e5 13. d5 f5 14. dxc6 bxc6
15. Bc1 Nc5 16. b4 Nxe4 17. Nxe4 fxe4 18. Ng5 Bf5 19. Be3 Nd5 20. Bc4 Kh8 21.
Bxd5 cxd5 22. Rxd5 Rc8 23. Rc5 Rxc5 24. bxc5 Qc6 25. g4 Bc8 26. O-O Ba6 27. Rc1
h6 28. Qxe4 Qf6 29. Rd1 Qe7 30. Qxg6 Qf6 31. Qh7# 1-0

[Event "European Youth Chess Championship B16"]
[Site "Prague, Top Hotel Prague"]
[Date "2012.08.24"]
[Round "8.23"]
[White "Martins, David Pires Tavares"]
[Black "Lekic, Lazar"]
[Result "1-0"]
[WhiteElo "2123"]
[BlackElo "1972"]
[PlyCount "73"]
[EventDate "2012.08.17"]

1. e4 c5 2. Nf3 d6 3. d4 cxd4 4. Nxd4 Nf6 5. Nc3 a6 6. Be3 e5 7. Nb3 Be7 8. f3
Be6 9. Qd2 O-O 10. O-O-O a5 11. Bb5 Na6 12. Kb1 Qb8 13. g4 Rc8 14. g5 Ne8 15.
h4 Nec7 16. h5 Nb4 17. Bd3 a4 18. Nc1 d5 19. exd5 Ncxd5 20. Nxd5 Bxd5 21. Qg2
Qc7 22. g6 Nxd3 23. Rxd3 Qc6 24. Rg1 fxg6 25. hxg6 h6 26. Qd2 Bc4 27. Bxh6 Bxd3
28. Nxd3 Bf6 29. Be3 b6 30. Qh2 a3 31. Bg5 Qe6 32. Bxf6 Qxf6 33. Nxe5 Rd8 34.
Re1 Qe6 35. bxa3 Qd5 36. Nf7 Qb5+ 37. Ka1 1-0

[Event "European Youth Chess Championship B16"]
[Site "Prague, Top Hotel Prague"]
[Date "2012.08.24"]
[Round "8.25"]
[White "Eggink, Ryszard"]
[Black "Suarez Garcia, Carlos"]
[Result "1/2-1/2"]
[WhiteElo "2031"]
[BlackElo "2311"]
[PlyCount "80"]
[EventDate "2012.08.17"]

1. e4 c6 2. d4 Na6 3. f4 g6 4. Nf3 Bg7 5. c3 Nc7 6. Bd3 d5 7. e5 Nh6 8. O-O O-O
9. Nbd2 Bf5 10. Bxf5 Nxf5 11. Re1 f6 12. Nf1 fxe5 13. fxe5 Qd7 14. Ne3 Ne6 15.
Nxf5 Rxf5 16. Be3 Raf8 17. Rf1 b6 18. Qe2 Nf4 19. Bxf4 Rxf4 20. Ng5 h6 21. Nh3
R4f5 22. g4 Rxf1+ 23. Rxf1 c5 24. Rxf8+ Bxf8 25. Nf4 cxd4 26. cxd4 Qc6 27. Qf3
Qc1+ 28. Kg2 Qxb2+ 29. Kh3 Qb1 30. Nxd5 Qe1 31. Qd3 g5 32. Qg6+ Bg7 33. Nxe7+
Kf8 34. Nf5 Qf1+ 35. Kg3 Qd3+ 36. Kf2 Qd2+ 37. Kf3 Qd3+ 38. Kf2 Qd2+ 39. Kf3
Qd3+ 40. Kf2 Qd2+ 1/2-1/2

[Event "European Youth Chess Championship B16"]
[Site "Prague, Top Hotel Prague"]
[Date "2012.08.24"]
[Round "8.27"]
[White "Markoja, Sebastijan"]
[Black "Bida, Mihai-Eugen"]
[Result "1/2-1/2"]
[WhiteElo "2018"]
[BlackElo "2213"]
[PlyCount "129"]
[EventDate "2012.08.17"]

1. e4 c5 2. Nf3 Nc6 3. d4 cxd4 4. Nxd4 Nf6 5. Nc3 d6 6. Bg5 e6 7. Qd2 Be7 8.
O-O-O O-O 9. f4 Nxd4 10. Qxd4 Qa5 11. Bc4 Bd7 12. e5 dxe5 13. fxe5 Bc6 14. Bd2
Nd7 15. Nd5 Qc5 16. Nxe7+ Qxe7 17. Rhe1 Nb6 18. Bf1 Rfd8 19. Qg4 Qc5 20. Kb1
Rd4 21. Qg3 Be4 22. Bd3 Bxd3 23. cxd3 Qf8 24. Be3 Rd5 25. Bxb6 axb6 26. d4 Rda5
27. Qb3 Rxa2 28. Qxa2 Rxa2 29. Kxa2 h5 30. Re3 Qd8 31. Rd2 b5 32. Red3 Qd5+ 33.
b3 b6 34. Kb2 b4 35. Re2 Qd8 36. Kc2 Qh4 37. h3 Qf4 38. Kd1 Qf1+ 39. Kd2 Qb1
40. Ke3 g5 41. Red2 Qe1+ 42. Re2 Qg1+ 43. Kd2 Qb1 44. Ke3 Kg7 45. Red2 Qe1+ 46.
Re2 Qf1 47. Kd2 Qb1 48. Ke3 Kg6 49. Red2 Qe1+ 50. Re2 Qf1 51. Kd2 Qb1 52. Ke3
b5 53. Red2 Qe1+ 54. Re2 Qf1 55. Kd2 Qb1 56. Ke3 g4 57. hxg4 hxg4 58. Kd2 Qb2+
59. Kd1 Qa1+ 60. Kc2 Qf1 61. Kd2 Qf4+ 62. Kd1 g3 63. Kc2 Kh5 64. d5 Qf1 65. Kd2
1/2-1/2

[Event "European Youth Chess Championship B16"]
[Site "Prague, Top Hotel Prague"]
[Date "2012.08.24"]
[Round "8.28"]
[White "Pavelek, Tomas"]
[Black "Basso, Pier Luigi"]
[Result "0-1"]
[WhiteElo "1974"]
[BlackElo "2167"]
[PlyCount "134"]
[EventDate "2012.08.17"]

1. e4 c5 2. Nf3 d6 3. d4 Nf6 4. Nc3 cxd4 5. Nxd4 a6 6. Bg5 e6 7. Be2 Be7 8. Qd2
Nbd7 9. a4 Qc7 10. O-O b6 11. f3 Bb7 12. Rfc1 O-O 13. Nd1 Rac8 14. b4 h6 15.
Be3 d5 16. b5 a5 17. Nc6 Bxc6 18. bxc6 Qxc6 19. Bb5 Qc7 20. Bxd7 Nxd7 21. exd5
exd5 22. Qxd5 Nf6 23. Qb5 Bc5 24. Bxc5 Qxc5+ 25. Qxc5 Rxc5 26. c4 Re8 27. Kf2
Nd7 28. Ne3 Ne5 29. Rc3 Rd8 30. Ke2 Rd4 31. Rd1 Rxd1 32. Kxd1 Kf8 33. Ke2 Rc6
34. f4 Nd7 35. Kf3 Nc5 36. Ra3 Ke7 37. g4 g6 38. h3 Kd6 39. Nd5 Nd7 40. Rd3 Kc5
41. Ne3 Rd6 42. Rb3 Rd2 43. g5 hxg5 44. Rb5+ Kc6 45. Rxg5 Ra2 46. f5 gxf5 47.
Rxf5 Rxa4 48. h4 Ra1 49. h5 a4 50. h6 Rh1 51. Ke4 Rxh6 52. Rxf7 Rh4+ 53. Kf5
Rh5+ 54. Ke4 Rh4+ 55. Kf5 Rh2 56. Rg7 a3 57. Rg1 a2 58. Ra1 Rf2+ 59. Kg5 Kc5
60. Ng4 Re2 61. Kf4 Kxc4 62. Ne3+ Kb3 63. Nd5 Rb2 64. Rc1 Rb1 65. Rc3+ Kb2 66.
Rc4 a1=Q 67. Rb4+ Kc2 0-1

[Event "European Youth Chess Championship B16"]
[Site "Prague, Top Hotel Prague"]
[Date "2012.08.24"]
[Round "8.29"]
[White "Cukrowski, Filip"]
[Black "Sosovicka, Matej"]
[Result "1-0"]
[WhiteElo "2154"]
[BlackElo "2040"]
[PlyCount "97"]
[EventDate "2012.08.17"]

1. e4 e5 2. Nf3 Nc6 3. Bb5 a6 4. Ba4 Nf6 5. O-O b5 6. Bb3 Bc5 7. c3 d6 8. d4
Bb6 9. Be3 O-O 10. Nbd2 Bb7 11. Re1 h6 12. d5 Ne7 13. Bxb6 cxb6 14. Bc2 Ng6 15.
g3 Bc8 16. Nf1 Ra7 17. Bd3 Nh7 18. Ne3 Ng5 19. Kh1 Qf6 20. Nxg5 Qxg5 21. Qe2
Ne7 22. a4 f5 23. exf5 Nxf5 24. axb5 a5 25. Nc4 Raf7 26. Qe4 Nxg3+ 27. fxg3 Bf5
28. Qe3 Qh5 29. Nxd6 Bxd3 30. Nxf7 Rxf7 31. Rad1 e4 32. Kg1 Rf3 33. Qxb6 Qh3
34. Qd8+ Kh7 35. Qh4 Qf5 36. Qe7 Qxd5 37. Rxd3 exd3 38. Qe4+ Qxe4 39. Rxe4 Rf5
40. c4 Rc5 41. Rd4 d2 42. b3 a4 43. bxa4 Rxc4 44. Rxd2 Rxa4 45. Rb2 Ra7 46. b6
Rb7 47. Kf2 Kg6 48. Ke3 Kf5 49. Kd4 1-0

[Event "European Youth Chess Championship B16"]
[Site "Prague, Top Hotel Prague"]
[Date "2012.08.24"]
[Round "8.30"]
[White "Dereshki, Dario"]
[Black "Bayramov, Elkhan"]
[Result "0-1"]
[WhiteElo "1938"]
[BlackElo "2069"]
[PlyCount "60"]
[EventDate "2012.08.17"]

1. d4 Nf6 2. c4 c5 3. d5 e6 4. Nc3 exd5 5. cxd5 d6 6. Nf3 g6 7. g3 Bg7 8. Bg2
O-O 9. O-O Re8 10. Nd2 Nbd7 11. Nc4 Nb6 12. Ne3 Ng4 13. Nxg4 Bxg4 14. h3 Bxc3
15. hxg4 Bg7 16. g5 Qd7 17. e4 Bd4 18. Kh2 Nc4 19. Qe2 Ne5 20. Bh3 Qa4 21. Re1
Bxf2 22. Qxf2 Nd3 23. b3 Qb4 24. Qd2 Nxe1 25. Qxb4 cxb4 26. Bf4 Rxe4 27. Bxd6
Rd8 28. Bxb4 Nc2 29. Ba5 Rxd5 30. Bg2 Nxa1 0-1

[Event "European Youth Chess Championship B16"]
[Site "Prague, Top Hotel Prague"]
[Date "2012.08.24"]
[Round "8.31"]
[White "Urbanc, Peter"]
[Black "Navratil, Jiri"]
[Result "1/2-1/2"]
[WhiteElo "1931"]
[BlackElo "2066"]
[PlyCount "137"]
[EventDate "2012.08.17"]

1. d4 d5 2. c4 c6 3. Nc3 Nf6 4. Nf3 e6 5. Bg5 dxc4 6. e4 b5 7. e5 h6 8. Bh4 g5
9. Nxg5 hxg5 10. Bxg5 Nbd7 11. g3 Bb7 12. Bg2 Qb6 13. exf6 O-O-O 14. O-O c5 15.
d5 b4 16. Na4 Qb5 17. a3 Nb8 18. axb4 cxb4 19. Qg4 Bxd5 20. Bxd5 Rxd5 21. Be3
Nc6 22. Rfc1 Ne5 23. Qe2 Rd3 24. Rxc4+ Qxc4 25. Rc1 Nf3+ 26. Kf1 Rd1+ 27. Rxd1
Nxh2+ 28. Ke1 Qxe2+ 29. Kxe2 Ng4 30. Bxa7 Nxf6 31. Bd4 Bg7 32. Rc1+ Kd7 33. Be5
Ne8 34. Nb6+ Ke7 35. Bxg7 Nxg7 36. Rc4 Kd6 37. Rxb4 Nf5 38. Na4 Rc8 39. Nc3 Kc5
40. Rb7 Nd6 41. Na4+ Kd4 42. Rd7 Rc6 43. Nc3 Kc4 44. Kf3 Rb6 45. Ne4 Nxe4 46.
Kxe4 f5+ 47. Ke5 Rxb2 48. Rc7+ Kd3 49. f4 Re2+ 50. Kd6 Re3 51. Rc5 Rxg3 52.
Kxe6 Rh3 53. Re5 Kd4 54. Kxf5 Rh5+ 55. Ke6 Rh6+ 56. Ke7 Rh7+ 57. Kf6 Rh1 58.
Re8 Kd5 59. f5 Rf1 60. Kg6 Rg1+ 61. Kf7 Kd6 62. f6 Kd7 63. Re2 Kd6 64. Rd2+ Kc7
65. Kf8 Rf1 66. f7 Rf3 67. Rg2 Kd7 68. Kg7 Ke7 69. f8=Q+ 1/2-1/2

[Event "European Youth Chess Championship B16"]
[Site "Prague, Top Hotel Prague"]
[Date "2012.08.24"]
[Round "8.33"]
[White "Haman, Jakub"]
[Black "Binder, Moriz"]
[Result "1-0"]
[WhiteElo "2137"]
[BlackElo "1986"]
[PlyCount "59"]
[EventDate "2012.08.17"]

1. e4 e5 2. Nf3 Nc6 3. Bb5 Nf6 4. O-O Nxe4 5. Re1 Nd6 6. Nxe5 Nxe5 7. Rxe5+ Be7
8. Bd3 O-O 9. Nc3 Bf6 10. Re3 g6 11. b3 Ne8 12. Ba3 d6 13. Qf3 Ng7 14. Rae1 Nf5
15. Nd5 Bg5 16. Bxf5 Bxf5 17. Bb2 h5 18. Ne7+ Bxe7 19. Rxe7 d5 20. Qe3 Qd6 21.
Bd4 Kh7 22. Qg5 c5 23. Be5 Qc6 24. Bf4 Kg8 25. Qh6 g5 26. R1e6 Qxe6 27. Rxe6
fxe6 28. Be5 Kf7 29. Qxh5+ Ke7 30. Qxg5+ 1-0

[Event "European Youth Chess Championship B16"]
[Site "Prague, Top Hotel Prague"]
[Date "2012.08.24"]
[Round "8.34"]
[White "Kanjaryan, Vladimir"]
[Black "Ragnarsson, Dagur"]
[Result "1/2-1/2"]
[WhiteElo "2091"]
[BlackElo "1913"]
[PlyCount "100"]
[EventDate "2012.08.17"]

1. e4 e6 2. d4 d5 3. e5 c5 4. c3 Nc6 5. Nf3 Qb6 6. a3 Nh6 7. b4 cxd4 8. cxd4
Nf5 9. Bb2 Bd7 10. g4 Nh6 11. h3 Na5 12. Nbd2 Nc4 13. Bxc4 dxc4 14. Nxc4 Qb5
15. Nfd2 Be7 16. O-O O-O 17. a4 Qd5 18. Ne3 Qc6 19. b5 Qc8 20. Ba3 Qd8 21. Bxe7
Qxe7 22. Ne4 f5 23. exf6 gxf6 24. Ng3 f5 25. f4 Qh4 26. Kg2 a6 27. g5 Nf7 28.
Kh2 Nxg5 29. fxg5 f4 30. Nh5 fxe3 31. Nf6+ Kg7 32. Qd3 e5 33. Qxe3 exd4 34. Qd3
axb5 35. Nxd7 Rf2+ 36. Kg1 Rxa4 37. Rxa4 Rxf1+ 38. Kxf1 Qf4+ 39. Ke1 bxa4 40.
Kd1 Qe3 41. Qf5 Qb3+ 42. Ke2 Qc4+ 43. Kf2 Qa2+ 44. Kg3 Qa3+ 45. Kg4 Qe7 46. Nf6
Qe2+ 47. Kh4 Qe1+ 48. Kh5 Qe2+ 49. Ng4 Qe8+ 50. Kh4 Qe1+ 1/2-1/2

[Event "European Youth Chess Championship B16"]
[Site "Prague, Top Hotel Prague"]
[Date "2012.08.24"]
[Round "8.35"]
[White "Slampa, Jan"]
[Black "Cap, Adam"]
[Result "1-0"]
[WhiteElo "1996"]
[BlackElo "2074"]
[PlyCount "55"]
[EventDate "2012.08.17"]

1. e4 e5 2. Nf3 Nc6 3. Bb5 a6 4. Ba4 Nf6 5. O-O b5 6. Bb3 Be7 7. Re1 O-O 8. c3
d6 9. h3 Na5 10. Bc2 c5 11. d4 cxd4 12. cxd4 Nc6 13. a3 Qc7 14. d5 Nb8 15. Be3
Nbd7 16. Nbd2 a5 17. g4 Nc5 18. Rc1 b4 19. Nf1 Ba6 20. Ng3 Rfc8 21. Nf5 Qd8 22.
g5 Nfd7 23. Kh2 Bf8 24. Rg1 Rab8 25. Nh6+ gxh6 26. gxh6+ Kh8 27. Ng5 Qf6 28.
Qh5 1-0

[Event "European Youth Chess Championship B16"]
[Site "Prague, Top Hotel Prague"]
[Date "2012.08.24"]
[Round "8.37"]
[White "Munteanu, Ali-Eduard"]
[Black "Machan, Jan"]
[Result "1/2-1/2"]
[WhiteElo "1982"]
[BlackElo "2055"]
[PlyCount "81"]
[EventDate "2012.08.17"]

1. d4 Nf6 2. c4 e6 3. g3 Bb4+ 4. Bd2 a5 5. Bg2 d6 6. e4 e5 7. Ne2 O-O 8. O-O
Re8 9. Qc2 Bxd2 10. Nxd2 c5 11. d5 Na6 12. Qc3 Nc7 13. a4 Bd7 14. f4 Bg4 15.
Nc1 exf4 16. gxf4 Nd7 17. Qg3 f5 18. Kh1 Qf6 19. Rg1 Qxb2 20. Ncb3 Qf6 21. Rae1
Re7 22. h3 Bh5 23. exf5 Rxe1 24. Rxe1 Qf8 25. Qg5 Nf6 26. Ne4 Nce8 27. Nbd2 h6
28. Qh4 b6 29. Ng3 Bf7 30. Bf3 Ra7 31. Rg1 Qe7 32. Nge4 Nxe4 33. Qxe7 Ng3+ 34.
Rxg3 Rxe7 35. Ne4 Kf8 36. Rg1 Rb7 37. Re1 Re7 38. Rb1 Rb7 39. Re1 Re7 40. Rb1
Rb7 41. Re1 1/2-1/2

[Event "European Youth Chess Championship B16"]
[Site "Prague, Top Hotel Prague"]
[Date "2012.08.24"]
[Round "8.38"]
[White "Mcdonald, Ian"]
[Black "Ulanowski, Karol"]
[Result "0-1"]
[WhiteElo "1869"]
[BlackElo "2035"]
[PlyCount "34"]
[EventDate "2012.08.17"]

1. d4 Nf6 2. c4 g6 3. Nc3 Bg7 4. e4 d6 5. f3 O-O 6. Be3 Nc6 7. Qd2 a6 8. O-O-O
b5 9. cxb5 axb5 10. Bxb5 Na5 11. h4 c6 12. Be2 Be6 13. d5 cxd5 14. exd5 Bf5 15.
Bd3 Qc7 16. Bd4 Nxd5 17. Bxg7 Nb3+ 0-1

[Event "European Youth Chess Championship B16"]
[Site "Prague, Top Hotel Prague"]
[Date "2012.08.24"]
[Round "8.39"]
[White "Rauramaa, Julius"]
[Black "Hros, Roman"]
[Result "1/2-1/2"]
[WhiteElo "2006"]
[BlackElo "1935"]
[PlyCount "163"]
[EventDate "2012.08.17"]

1. c4 e5 2. Nc3 Nf6 3. Nf3 Nc6 4. g3 d5 5. cxd5 Nxd5 6. Bg2 Nb6 7. O-O Be7 8.
d3 O-O 9. a3 Be6 10. b4 f6 11. Bb2 Qd7 12. Ne4 Rfd8 13. Rc1 Rac8 14. Qc2 a5 15.
Nc5 Bxc5 16. bxc5 Nd5 17. d4 exd4 18. Rfd1 Bf5 19. Qb3 a4 20. Qxa4 Qe6 21. Nxd4
Nxd4 22. Qxd4 Ne7 23. Qxd8+ Rxd8 24. Rxd8+ Kf7 25. Rd2 Be4 26. f3 Bc6 27. e4
Bb5 28. Kh1 Nc6 29. f4 Na5 30. Rf2 Qb3 31. e5 Bc6 32. Bxc6 bxc6 33. Re1 Qb5 34.
Kg1 fxe5 35. Bxe5 Nc4 36. Bxc7 Qxc5 37. h3 Qxa3 38. Kh2 Ne3 39. f5 Qa7 40. Rfe2
Nxf5 41. Be5 g6 42. g4 Nd4 43. Rf2+ Kg8 44. Ref1 Ne6 45. Rb2 Qa5 46. Rb8+ Nd8
47. Bg3 Kg7 48. h4 Ne6 49. Rf2 Qa6 50. g5 Qa5 51. Rfb2 Nxg5 52. hxg5 Qxg5 53.
R8b7+ Kh6 54. R2b4 Qd2+ 55. Kh3 g5 56. Re4 Qd5 57. Rbe7 Qf5+ 58. Kg2 Kh5 59.
R7e5 Qf7 60. Re6 Qd7 61. R6e5 Qf7 62. Re2 Kg4 63. Rf2 Qc4 64. Rfe2 Qf7 65.
R5e4+ Kh5 66. Kh2 Qf3 67. R4e3 Qd5 68. Rc3 Qb5 69. Rec2 h6 70. Rxc6 Qf5 71.
R6c5 Qe4 72. Rf2 Kg4 73. Rfc2 Kh5 74. R5c4 Qd5 75. Rc6 Qe4 76. Rc7 Qf5 77. Rg2
Qe4 78. Rc3 Kg6 79. Ra3 Kh5 80. Bc7 Qc4 81. Rh3+ Kg6 82. Bd6 1/2-1/2

[Event "European Youth Chess Championship B16"]
[Site "Prague, Top Hotel Prague"]
[Date "2012.08.24"]
[Round "8.40"]
[White "Oliver, Martin"]
[Black "Medar, Marti"]
[Result "0-1"]
[WhiteElo "1838"]
[BlackElo "2000"]
[PlyCount "80"]
[EventDate "2012.08.17"]

1. d4 Nf6 2. c4 e6 3. g3 d5 4. Nf3 b6 5. Bg2 Bb7 6. Ne5 Be7 7. O-O O-O 8. Nc3
Ne4 9. cxd5 exd5 10. f3 Nxc3 11. bxc3 c5 12. Qa4 Qc7 13. Bf4 Bd6 14. Nd3 c4 15.
Bxd6 Qxd6 16. Nf4 g5 17. Nh3 Qe7 18. Qc2 Qe3+ 19. Kh1 f5 20. Rae1 Nd7 21. Nf2
Rae8 22. Bh3 Qe6 23. Kg1 b5 24. e4 dxe4 25. fxe4 g4 26. Bg2 f4 27. gxf4 Rxf4
28. Re3 Ref8 29. Qe2 Nf6 30. d5 Qe5 31. Nh1 Rxf1+ 32. Bxf1 Re8 33. Nf2 h5 34.
Qb2 Nxd5 35. Re1 Nxc3 36. Bxc4+ bxc4 37. Qxb7 g3 38. hxg3 Qxg3+ 39. Kf1 Rf8 40.
Qxa7 Qh2 0-1

[Event "European Youth Chess Championship B16"]
[Site "Prague, Top Hotel Prague"]
[Date "2012.08.24"]
[Round "8.41"]
[White "Shpakovsky, Kirill"]
[Black "Jozefek, Michal"]
[Result "0-1"]
[WhiteElo "1760"]
[BlackElo "2081"]
[PlyCount "66"]
[EventDate "2012.08.17"]

1. e4 c5 2. Nf3 d6 3. d4 cxd4 4. Nxd4 Nf6 5. Nc3 Nc6 6. Bg5 e6 7. Qd2 a6 8.
O-O-O h6 9. Bf4 Bd7 10. Bg3 b5 11. f3 Na5 12. Kb1 Rb8 13. e5 b4 14. Ne4 Nxe4
15. fxe4 dxe5 16. Bxe5 Ra8 17. Be2 Nc6 18. Nxc6 Bxc6 19. Qxd8+ Rxd8 20. Rxd8+
Kxd8 21. Rd1+ Ke8 22. Bxa6 Be7 23. Rd4 h5 24. Rc4 Bd7 25. Bd4 Rh6 26. g3 e5 27.
Bxe5 Rxa6 28. Bxg7 Be6 29. Rc7 Bxa2+ 30. Kc1 Be6 31. b3 Bd6 32. Rb7 Bd7 33. e5
Bc6 0-1

[Event "European Youth Chess Championship B16"]
[Site "Prague, Top Hotel Prague"]
[Date "2012.08.24"]
[Round "8.42"]
[White "Shen, Yue"]
[Black "Melichar, Vojtech"]
[Result "1-0"]
[WhiteElo "2139"]
[BlackElo "1737"]
[PlyCount "119"]
[EventDate "2012.08.17"]

1. d4 Nf6 2. c4 c5 3. d5 b5 4. cxb5 a6 5. bxa6 Bxa6 6. Nc3 d6 7. g3 g6 8. Bg2
Bg7 9. Nf3 O-O 10. Rb1 Qb6 11. O-O Nbd7 12. b3 Ng4 13. Bd2 Nge5 14. a4 Rfb8 15.
Qc2 Ra7 16. Rfe1 Rab7 17. Nxe5 Nxe5 18. h3 Qc7 19. Bf1 Qc8 20. Rec1 c4 21. bxc4
Nxc4 22. Nb5 Bxb5 23. Rxb5 Rxb5 24. axb5 Nb6 25. Qxc8+ Nxc8 26. e4 Bd4 27. Bh6
Bc5 28. Ra1 Na7 29. Kg2 f6 30. h4 Kf7 31. Bd2 Ke8 32. Be2 Nc8 33. f4 Kd7 34. h5
Kc7 35. g4 Na7 36. Rb1 Kb6 37. h6 Rf8 38. Bd3 Rf7 39. Kf3 Rf8 40. Rc1 Kb7 41.
Ba5 Nc8 42. Ke2 Rf7 43. Rf1 Nb6 44. e5 Bd4 45. Bb4 Nc8 46. Rc1 Rf8 47. Rc6 Rd8
48. Ba5 Nb6 49. Be4 Rd7 50. Kd3 Bf2 51. exf6 exf6 52. Bc3 Na4 53. Bxf6 Nc5+ 54.
Rxc5 Bxc5 55. Bg7 Ba3 56. Bxg6 hxg6 57. h7 Bb2 58. h8=Q Bxg7 59. Qe8 Rc7 60.
Qxg6 1-0

[Event "European Youth Chess Championship B16"]
[Site "Prague, Top Hotel Prague"]
[Date "2012.08.24"]
[Round "8.43"]
[White "Gruter, Martin"]
[Black "Magee, Ronan"]
[Result "0-1"]
[WhiteElo "1811"]
[BlackElo "1981"]
[PlyCount "90"]
[EventDate "2012.08.17"]

1. d4 e6 2. c4 d5 3. Nc3 Be7 4. Nf3 Nf6 5. Bg5 O-O 6. e3 Nbd7 7. Bd3 dxc4 8.
Bxc4 a6 9. O-O b5 10. Bd3 Bb7 11. Qe2 c5 12. Rac1 Qb6 13. Ne5 Rfe8 14. Nxd7
Nxd7 15. Bxe7 Rxe7 16. dxc5 Nxc5 17. Bb1 Rc8 18. b4 Nd7 19. Ne4 Ree8 20. Rxc8
Rxc8 21. Rd1 Bd5 22. Qh5 g6 23. Qh4 Bxe4 24. Qxe4 Nf6 25. Qf3 Nd5 26. a3 Nc3
27. Re1 Qc7 28. h3 Qd7 29. e4 Qd2 30. Qe3 Qxe3 31. fxe3 Nxb1 32. Rxb1 Rc3 33.
Rd1 Rxe3 34. Rd6 Rxa3 35. Kf2 Kf8 36. Rb6 h5 37. h4 e5 38. Rc6 Ra4 39. Kf3 Rxb4
40. Rxa6 Rb1 41. Rb6 b4 42. g4 hxg4+ 43. Kxg4 b3 44. Kf3 b2 45. Ke2 Rh1 0-1

[Event "European Youth Chess Championship B16"]
[Site "Prague, Top Hotel Prague"]
[Date "2012.08.24"]
[Round "8.45"]
[White "Smith, Patrick L"]
[Black "Hochshtad, Eyal"]
[Result "0-1"]
[WhiteElo "1771"]
[BlackElo "1958"]
[PlyCount "66"]
[EventDate "2012.08.17"]

1. e4 e5 2. Nc3 Nf6 3. Bc4 Bb4 4. Nge2 d6 5. d3 Be6 6. a3 Ba5 7. O-O Nc6 8. Bb5
O-O 9. Bg5 h6 10. Bh4 g5 11. Bg3 Qe7 12. b4 Bb6 13. Na4 Nh5 14. Qd2 f5 15. exf5
Rxf5 16. Bc4 d5 17. Ba2 Nf4 18. c4 dxc4 19. dxc4 Rd8 20. Qc2 Nd4 21. Nxd4 Bxd4
22. Rad1 h5 23. Bxf4 gxf4 24. c5 Rg5 25. Nc3 f3 26. g3 Kh8 27. Ne4 Bf5 28. Kh1
Rg4 29. Rde1 Qh7 30. Bb1 h4 31. Qd3 Rf8 32. Qd2 hxg3 33. Nxg3 Rh4 0-1

[Event "European Youth Chess Championship B16"]
[Site "Prague, Top Hotel Prague"]
[Date "2012.08.24"]
[Round "8.46"]
[White "Walek, Petr"]
[Black "Bocek, Tadeas"]
[Result "1-0"]
[WhiteElo "1952"]
[BlackElo "1830"]
[PlyCount "107"]
[EventDate "2012.08.17"]

1. e4 e6 2. d3 c5 3. Nf3 Nc6 4. g3 d5 5. Nbd2 Nge7 6. Bg2 g6 7. O-O Bg7 8. Re1
b6 9. exd5 exd5 10. d4 O-O 11. dxc5 bxc5 12. Nb3 Qb6 13. c3 c4 14. Be3 Qc7 15.
Nbd4 Rd8 16. Bg5 Rd7 17. Nxc6 Nxc6 18. Re8+ Bf8 19. Bh6 Bb7 20. Rxa8 Bxa8 21.
Bxf8 Kxf8 22. Qd2 Kg7 23. Re1 Bb7 24. Bh3 Rd8 25. Nd4 Ne5 26. Qg5 Re8 27. f4 f6
28. Qh4 Qb6 29. fxe5 fxe5 30. Qg4 Bc8 31. Qh4 Bb7 32. Qg4 Bc6 33. Kh1 exd4 34.
Rxe8 Bxe8 35. Qxd4+ Qxd4 36. cxd4 Kf6 37. Kg2 Bf7 38. Bd7 Be6 39. Bc6 Ke7 40.
Kf3 Kd6 41. Bb5 Bf5 42. Kf4 h6 43. h4 Bb1 44. a3 Be4 45. Bxc4 Bc2 46. Be2 Ke6
47. Ke3 Kf5 48. g4+ Ke6 49. Kd2 Ba4 50. Kc3 g5 51. hxg5 hxg5 52. Kb4 Bd7 53.
Kc5 Ba4 54. b4 1-0

[Event "European Youth Chess Championship B16"]
[Site "Prague, Top Hotel Prague"]
[Date "2012.08.24"]
[Round "8.47"]
[White "Novotny, Ales"]
[Black "Fontaine, Quentin"]
[Result "0-1"]
[WhiteElo "1794"]
[BlackElo "1916"]
[PlyCount "46"]
[EventDate "2012.08.17"]

1. c4 e5 2. g3 Nc6 3. Bg2 f5 4. d3 Nf6 5. Nc3 d6 6. e3 Be7 7. Nge2 O-O 8. O-O
Qe8 9. Nd5 Bd8 10. Bd2 Ne7 11. Qc2 Nexd5 12. cxd5 Qh5 13. Nc3 Kh8 14. Nb5 Bd7
15. Qb3 a6 16. Nc3 Rb8 17. Rfe1 f4 18. exf4 exf4 19. Bxf4 Ng4 20. Ne4 Nxh2 21.
d4 Ng4 22. Rac1 Bb5 23. f3 Qh2# 0-1

[Event "European Youth Chess Championship B16"]
[Site "Prague, Top Hotel Prague"]
[Date "2012.08.24"]
[Round "8.50"]
[White "Chalabi, Max"]
[Black "Zakrzheuski, Vladislav"]
[Result "0-1"]
[WhiteElo "1680"]
[BlackElo "1849"]
[PlyCount "88"]
[EventDate "2012.08.17"]

1. e4 c6 2. d4 d5 3. exd5 cxd5 4. Bd3 Nc6 5. c3 Nf6 6. Bf4 Bg4 7. Qb3 Qc8 8.
Nd2 e6 9. Ngf3 Be7 10. Ne5 Nxe5 11. dxe5 Nd7 12. O-O O-O 13. Qc2 g6 14. Nb3 Kh8
15. h3 Bf5 16. g4 Bxd3 17. Qxd3 Nc5 18. Nxc5 Qxc5 19. g5 b5 20. h4 Qc4 21. Qe3
Rfc8 22. Rfc1 Rc7 23. Kg2 Kg8 24. h5 Qc6 25. Kg3 a5 26. hxg6 fxg6 27. Rh1 a4
28. a3 Rf8 29. Rh4 Bc5 30. Qd3 Rcf7 31. Qc2 Qb6 32. Rf1 Rf5 33. Qd2 d4 34. cxd4
Bxd4 35. Qe2 Qc5 36. Rc1 Bxf2+ 37. Qxf2 Qxc1 38. Qa7 Rxg5+ 39. Bxg5 Qxg5+ 40.
Rg4 Qxe5+ 41. Kg2 Qe2+ 42. Kh3 Rf3+ 43. Rg3 Qf1+ 44. Kh2 Rf2+ 0-1